00439 2200169 4500245007300000020001800073250001100091100002400102700002000126650001400146005001900160260002800179041001400207084001200221300002700233336000900260 aTerorisme di Tengah Arus Global DemokrasicMuhyiddin ArubusmanhText a979-25-5240-5 aCet. 1 aMuhyiddin Arubusman aSyahdatul Kahfi aTerorisme a20230224155506 aJakartabSpectrumc2006 aIndonesia a303.625 avi, 298 hlm. :c20 cm. atext